Normal view MARC view

Entry Personal Name

Number of records used in: 1

001 - CONTROL NUMBER

  • control field: 1697

003 - CONTROL NUMBER IDENTIFIER

  • control field: DLC

005 - DATE AND TIME OF LATEST TRANSACTION

  • control field: 20200131113040.0

008 - FIXED-LENGTH DATA ELEMENTS

  • fixed length control field: 800717n| azannaabn |a aaa

010 ## - LIBRARY OF CONGRESS CONTROL NUMBER

  • LC control number: n 50035129
  • Canceled/invalid LC control number: no2011138257

040 ## - CATALOGING SOURCE

  • Original cataloging agency: DLC
  • Language of cataloging: eng
  • Description conventions: rda
  • Transcribing agency: DLC
  • Modifying agency: DLC

046 ## - SPECIAL CODED DATES

  • Birth date: 1907-05-27
  • Death date: 1964-04-14
  • Source of date scheme: edtf

100 1# - HEADING--PERSONAL NAME

  • Personal name: Carson, Rachel,
  • Dates associated with a name: 1907-1964

370 ## - ASSOCIATED PLACE

  • Place of birth: Springdale (Pa.)
  • Place of death: Silver Spring (Md.)

374 ## - OCCUPATION

  • Occupation: Marine biologist
  • Occupation: Writer
  • Occupation: Conservationist

375 ## - GENDER

  • Gender: female

377 ## - ASSOCIATED LANGUAGE

  • Language code: eng

400 1# - SEE FROM TRACING--PERSONAL NAME

  • Personal name: Carson, Rachel L.
  • Fuller form of name: (Rachel Louise),
  • Dates associated with a name: 1907-1964

670 ## - SOURCE DATA FOUND

  • Source citation: Under the sea-wind ... 1941.

670 ## - SOURCE DATA FOUND

  • Source citation: Under the sea wind, 1991:
  • Information found: CIP t.p. (Rachel L. Carson)

670 ## - SOURCE DATA FOUND

  • Source citation: Primavera silenciosa, 2010:
  • Information found: t.p. (Rachel Carson)

670 ## - SOURCE DATA FOUND

  • Source citation: Wikipedia, Sept. 29, 2011
  • Information found: ( Rachel Carson; Rachel Louise Carson; b. May 27, 1907 in Springdale, Pa.; d. April 14, 1964 in Silver Spring, Md.; an American marine biologist and conservationist whose writings are credited with advancing the global environmental movement)

Powered by Koha